[Event "54th Ilmar Raud Memorial"]
[Site "Viljandi"]
[Date "2020.07.06"]
[Round "1.8"]
[White "Tõnso, Liina"]
[Black "Seeman, Tarvo"]
[Result "0-1"]
[WhiteElo "1862"]
[BlackElo "2415"]
[PlyCount "68"]
[EventDate "2020.??.??"]

1. d4 Nf6 2. c4 g6 3. Nc3 Bg7 4. e4 d6 5. Nf3 O-O 6. Be2 Na6 7. O-O e5 8. Bg5
h6 9. Bh4 g5 10. Bg3 Nh5 11. dxe5 Nxg3 12. hxg3 dxe5 13. Qc2 (13. Nh2 {[%cal
Re2g4]} Be6 14. Qb3 Qc8 15. Nd5 Kh8 16. Rad1 c6 17. Ne7 Qc7 18. Nf5 Rfd8 19.
Qf3 Nc5 20. Qh5 Bxf5 21. exf5 Ne4 22. Ng4 Kh7 23. c5 Qe7 24. Bc4 Nf6 25. Nxf6+
Qxf6 26. Bxf7 Qxf5 27. Rd6 Rxd6 28. cxd6 e4 29. Rd1 Rd8 30. d7 Bf8 31. Be8 Bc5
32. Qe2 g4 33. b4 Bxb4 34. Rd4 Bc5 35. Rxe4 h5 36. Re7+ {1-0 (36) Aleksandrov,
A (2607)-Seeman,T (2414) Viljandi 2015}) 13... c6 14. Rfd1 Qe7 15. a3 Nc5 16.
b4 Ne6 17. Bf1 Nd4 18. Qb2 (18. Nxd4 exd4 19. Na4 d3 20. Bxd3 Bxa1 21. Rxa1)
18... Bg4 19. Rd3 Rad8 20. Rad1 Rd7 21. Be2 Be6 22. Re3 (22. Nd5) 22... Rfd8
23. Rc1 g4 24. Nh2 h5 {[%cal Rg7h6]} 25. Nf1 Bh6 26. b5 Bxe3 27. Nxe3 Nxe2+ 28.
Nxe2 Rd2 29. Rc2 Rxc2 30. Qxc2 Qxa3 31. Nc3 Qa1+ 32. Kh2 Qe1 33. Nb1 cxb5 34.
cxb5 Rc8 {[%cal Rc8c1,Re1h1]} 0-1

[Event "54th Ilmar Raud Memorial"]
[Site "Viljandi"]
[Date "2020.07.06"]
[Round "1.9"]
[White "Sepp, Olav"]
[Black "Andrijashkin, Deniss"]
[Result "1-0"]
[WhiteElo "2410"]
[BlackElo "1861"]
[PlyCount "72"]
[EventDate "2020.??.??"]

1. Nf3 g6 2. d4 Bg7 3. e4 d6 4. c3 e5 5. Bc4 Nc6 6. Bg5 Bf6 7. Be3 Nge7 8. O-O
O-O 9. Bb3 Bg4 10. dxe5 Nxe5 11. Nbd2 d5 12. h3 Bxf3 13. Nxf3 dxe4 14. Nxe5
Qxd1 15. Raxd1 Bxe5 16. Bc5 Rfe8 17. Rfe1 Nf5 18. Rd7 Nh6 19. g4 Bf4 20. h4 b6
21. Be3 Bxe3 22. Rxe3 Nxg4 23. Bxf7+ Kf8 24. Bxe8 Nxe3 25. Bxg6 hxg6 26. fxe3
c5 27. Kg2 Re8 28. Kg3 Re6 29. Rxa7 Rf6 30. Kg4 (30. Rb7 Rf3+ 31. Kg4 Rxe3 32.
Rxb6 Kf7 33. a4 Rf3 34. a5 Rf1 35. a6 e3 36. a7) 30... Rf2 31. b3 Rf3 32. c4
Rxe3 33. Ra6 (33. Kf4 Rh3 34. Kxe4 Rxh4+ 35. Ke5) 33... Re2 34. a4 Rf2 35. Rxb6
Kf7 36. Rc6 e3 1-0

[Event "54th Ilmar Raud Memorial"]
[Site "Viljandi"]
[Date "2020.07.06"]
[Round "1.10"]
[White "Ruus, Rein"]
[Black "Köykkä, Pekka"]
[Result "0-1"]
[WhiteElo "1807"]
[BlackElo "2392"]
[PlyCount "86"]
[EventDate "2020.??.??"]

1. e4 d6 2. d4 Nf6 3. Nc3 Nbd7 4. f4 e5 5. Nf3 exd4 6. Nxd4 g6 7. Be3 Bg7 8.
Bd3 O-O 9. g4 Re8 10. g5 Nxe4 11. Bxe4 d5 12. Qd2 dxe4 13. O-O-O Nb6 14. Qe2
Qe7 15. h4 Qb4 16. Qb5 Qxb5 17. Ndxb5 Bg4 18. Nxc7 Bxd1 19. Rxd1 f5 20. Bxb6
axb6 21. Nxe8 Rxe8 22. Nd5 Re6 23. c3 Bf8 24. b4 Kf7 25. Kd2 b5 26. Ke3 Rd6 27.
Rd2 Rc6 28. a3 Ke6 29. h5 gxh5 30. Nf6 Rxc3+ 31. Ke2 Rxa3 32. Rd5 Bd6 33. Rxb5
Bxf4 34. Nxh7 Bd6 35. Rxb7 h4 36. g6 Rg3 37. g7 h3 38. Nf8+ Kd5 39. Rb5+ Kc4
40. Rb6 h2 41. Rxd6 h1=Q 42. Ng6 Qh2+ 43. Kf1 Rg1# 0-1

[Event "54th Ilmar Raud Memorial"]
[Site "Viljandi"]
[Date "2020.07.06"]
[Round "1.11"]
[White "Shishkov, Andrei"]
[Black "Blohhin, Sofia"]
[Result "1-0"]
[WhiteElo "2390"]
[BlackElo "1786"]
[PlyCount "53"]
[EventDate "2020.??.??"]

1. d4 f5 2. g3 e6 3. Bg2 Nf6 4. Nh3 Be7 5. c4 O-O 6. b3 d5 7. O-O c6 8. Nd2 Ne4
9. Bb2 Nd7 10. Nf4 Ndf6 11. Nf3 c5 12. Rc1 g5 13. Nd3 dxc4 14. Rxc4 cxd4 15.
Rxd4 Qe8 16. Qc1 Qh5 17. Qc7 Rf7 18. Nfe5 Rg7 19. f3 Nd5 20. Qc1 Nd6 21. e4 Nb6
22. a4 Nd7 23. Nxd7 fxe4 24. Rxd6 Bxd7 25. Rxd7 Qe8 26. Qc3 e5 27. Qxe5 1-0

[Event "54th Ilmar Raud Memorial"]
[Site "Viljandi"]
[Date "2020.07.06"]
[Round "1.12"]
[White "Pedmanson, Albert"]
[Black "Kiik, Kalle"]
[Result "1-0"]
[WhiteElo "1786"]
[BlackElo "2386"]
[PlyCount "77"]
[EventDate "2020.??.??"]

1. e4 c5 2. Nf3 a6 3. c3 (3. d4 cxd4 4. Nxd4 e5) 3... e6 4. d4 d5 5. e5 Bd7 6.
Bd3 h6 (6... Bb5 7. Bxb5+ axb5 8. dxc5 Bxc5 9. b4 Bb6 10. Na3 {[%cal Rd1d3,
Ra3b5]}) 7. O-O Qb6 8. dxc5 Bxc5 9. b4 Bf8 10. Be3 Qc7 11. Bd4 Nc6 12. a3 Nge7
13. Re1 g5 14. h3 Bg7 15. Nbd2 Ng6 (15... Nxd4 16. cxd4 O-O {[%cal Rf7f6,Rc7b6,
Re7c6]} 17. Rc1 Qb6 18. Bb1 Rfc8 19. Rc5 a5 20. Qc2 axb4 (20... Ng6) 21. Qh7+
Kf8 22. Nf1 bxa3 23. Ng3) 16. Bxg6 fxg6 17. Nb3 (17. Bc5 $1 {[%csl Rc5,Rg6]
[%cal Rc5d6,Rc3c4,Rd2e4,Re4c5,Rd2c4,Rc4d6]} Nxe5 (17... Bf8 18. Bxf8 Kxf8 19.
c4) 18. Nxe5 Bxe5 19. Rxe5 Qxe5 20. Bd4) 17... b6 18. Qd3 Ne7 19. a4 O-O 20. a5
bxa5 21. Rxa5 Bb5 22. Qc2 Kh7 (22... Rxf3 $1 23. gxf3 Nf5 {[%csl Rf3][%cal
Rf5h4,Ra8f8,Ra8d8,Rd8d7,Rd7f7]}) 23. Bc5 Rxf3 24. gxf3 Nc6 25. Raa1 (25. Bd6
Qf7 26. Raa1 Qxf3 27. Re3 Qf4 {[%csl Re6][%cal Rb3c5]}) 25... Nxe5 $4 (25...
Bxe5 $1 26. Nd4 (26. Qd2 Rd8 (26... Qf7 27. Nd4 Bf4 28. Qc2 Nxd4) 27. Nd4 Nxd4
28. cxd4 Bf4 29. Qd1 Qf7 {[%csl Re2,Re3,Re4,Re5][%cal Rf4b8,Rf7c7,Rc7h2]})
26... Nxd4 27. cxd4 Bxd4 {[%csl Rc5,Rf2][%cal Rc7g3,Rc7c2]} 28. Kg2 (28. Rxe6
Qg3+) 28... Re8 {[%csl Rc7,Rf3][%cal Rd4g7,Re6e5,Rd5d4,Rd4d3,Re8e6,Re6f6,Rf6f4,
Rb5c6,Rc7b7,Rc7f7]} 29. Rad1 Bg7) 26. Nd4 Bc4 (26... Bd7 27. h4 gxh4 (27... Qd8
) (27... g4 28. f4 Nf3+ 29. Nxf3 gxf3 {[%cal Rc7d8,Rd8h4]}) 28. f4 Ng4 29. Nxe6
Bxe6 30. Rxe6 {[%csl Rg6][%cal Rc2g6,Ra1a6,Ra1e1,Re6e7,Rc5d4]}) 27. Re3 Re8 28.
Rae1 Bf6 29. Qa4 Rg8 (29... Qb8 30. Bd6) (29... Qd8 30. Rxe5 Bxe5 31. Rxe5) 30.
Nxe6 (30. Rxe5 Bxe5 31. Nxe6 Bh2+ 32. Kg2 Qb8 33. Qd7+ Kh8 34. Bd4+) 30... Qb8
31. Bd4 Bb5 32. Qd1 Nd7 33. Bxf6 Nxf6 34. Qd4 Nh5 35. Nc7 Qf8 36. Re7+ Rg7 37.
Nxd5 Bc6 38. Rxg7+ Nxg7 39. Qf6 1-0

[Event "54th Ilmar Raud Memorial"]
[Site "Viljandi"]
[Date "2020.07.06"]
[Round "1.13"]
[White "Pohjala, Henri"]
[Black "Pedmanson, Herman"]
[Result "1-0"]
[WhiteElo "2358"]
[BlackElo "1767"]
[PlyCount "105"]
[EventDate "2020.??.??"]

1. d4 Nf6 2. Bg5 g6 3. Bxf6 exf6 4. e3 Bg7 5. g3 O-O 6. c4 f5 7. Ne2 d5 8. Bg2
dxc4 9. Na3 c5 10. Nxc4 Nc6 11. dxc5 Be6 12. Qxd8 Nxd8 (12... Rfxd8) 13. Rc1
Bxc4 14. Rxc4 Bxb2 15. Kd2 Rc8 16. Nf4 Ba3 17. Nd3 {[%csl Ra3,Rb4,Rc5,Yd3,Re5,
Rf4,Yg2][%cal Rc4c3]} b6 18. c6 Bd6 19. Rhc1 Ne6 20. Ke2 Rfd8 21. h3 Kg7 22. g4
fxg4 (22... b5 23. R4c2 (23. R4c3 f4 24. exf4 Nxf4+ 25. Nxf4 Bxf4 26. Rd1 Rxd1
27. Kxd1 Rd8+) 23... f4 24. exf4 Nd4+) 23. hxg4 {[%cal Rf2f4,Rg4g5,Rd3f2,Rf2e4,
Rg2d5,Rd5e6]} Nc5 24. Ne1 Bc7 25. Nc2 Nd3 26. Rd1 Ne5 27. Rxd8 Bxd8 28. Rc3
Nxg4 29. Nb4 f5 30. Na6 Bc7 31. Rd3 {[%csl Rg4][%cal Rd3d7,Rg4f6,Rg4e5]} Ne5 {
[%csl Ye5][%cal Rf2f4]} (31... Nf6) 32. Rd1 Kf6 33. f4 Nxc6 34. Nxc7 (34. Bxc6
Bxf4 35. Bd7 (35. Bb7 Re8) 35... Rc2+ 36. Kd3 Rxa2) 34... Rxc7 35. Rd6+ Ke7 36.
Rxc6 Rxc6 37. Bxc6 Kf6 (37... Kd6 38. Be8 Ke7 39. Bb5 Kd6 40. Bc4 Ke7 41. Kf3
h6 42. e4) 38. Kd3 g5 (38... h6 39. Kd4 g5 40. Bd7 g4 41. e4 fxe4 42. Bxg4) 39.
fxg5+ (39. Bd7 g4 (39... Kg6 40. Kd4 Kf6 41. fxg5+ Kxg5 42. Ke5) 40. Ke2 h5 41.
Kf2 h4 42. Kg2 Kg6 43. e4 fxe4 44. Bxg4 b5 45. Kh3 b4 46. Kxh4 a5 47. Bd1 e3
48. Kg4 Kf6 49. Kf3) 39... Kxg5 40. Kc4 f4 41. exf4+ (41. e4 $3 f3 (41... Kf6
42. Kd4 Ke7 43. e5 h5 (43... Ke6 44. Ke4 f3 45. Bd5+ Ke7 46. Kxf3 {[%csl Rd5]
[%cal Rb6b4,Ra7a4,Rd5a2,Rf3g4,Rg4h5,Rh5h6,Rh6h7]}) 44. Ke4) 42. e5 Kf5 43. Kd5
f2 (43... a6 44. Bb7 f2 (44... b5 45. Bxa6 f2 46. Bxb5 h5 47. e6 h4 48. Bf1)
45. Bxa6) 44. Bb5) 41... Kxf4 42. Kb5 Ke5 43. Ka6 Kd6 44. Be8 Kc5 45. a3 (45.
Kxa7 Kb4 46. Kxb6 Ka3 47. Bf7 h5 48. Kc5 h4 49. Kd4 h3 50. Bd5 h2 51. Kc3 h1=Q
52. Bxh1 Kxa2) 45... h6 (45... Kc4 46. Kxa7 (46. Bb5+ Kb3 47. a4 Kb4 48. Kxa7
Ka5 49. Kb7 h5 50. Kc6 h4 51. Kd5 h3 52. Kc4 h2 53. Bc6 h1=Q 54. Bxh1 Kxa4)
46... b5 47. Kb6 Kb3) 46. Bf7 Kc6 47. Bh5 Kc5 (47... Kd5 48. Kxa7 (48. Be2 Kc5
49. Kxa7 b5 50. Ka6 b4 51. a4 b3 52. a5 b2 53. Bd3 h5 54. Kb7 h4 55. a6 h3 56.
a7 h2 57. a8=Q h1=Q+ 58. Kb8) (48. Kb5 Kd4 49. a4 Kc3) 48... Kc4 49. Bd1 (49.
Bf7+ Kb5 50. Bb3 Ka5) (49. Be8 b5) 49... Kb5 (49... b5 50. Kb6 h5 $1 (50... b4
51. a4 b3 52. Bxb3+ Kxb3 53. a5)) 50. Kb7 h5 51. a4+ Ka5 52. Kc6 h4 53. Kd5 h3
54. Kc4 h2 55. Bf3 Kxa4) 48. Bf7 (48. Be2 $3 Kd4 (48... h5 49. Bxh5 b5 50. Bf7
(50. Ka5 Kc4 51. Bd1)) 49. Kxa7 Kc3 50. Bb5 $3 (50. a4 Kb4 51. Bb5 Ka5 $11)
50... Kb3 51. a4 Kb4 52. Kxb6 h5 53. a5) 48... Kc6 49. Bg6 Kc5 50. Be8 Kc4 51.
Kxa7 Kb3 $4 (51... b5 $11 52. Kb6 Kb3) 52. a4 Kb4 53. Kxb6 1-0

[Event "54th Ilmar Raud Memorial"]
[Site "Viljandi"]
[Date "2020.07.06"]
[Round "1.14"]
[White "Olde, Karl Erik"]
[Black "Haitin, Ilja"]
[Result "1/2-1/2"]
[WhiteElo "1751"]
[BlackElo "2357"]
[PlyCount "99"]
[EventDate "2020.??.??"]

1. d4 d6 2. c4 g6 3. Nf3 Nf6 4. Nc3 Bg7 5. g3 O-O 6. Bg2 Nc6 7. O-O a6 8. e4
Bg4 9. Be3 Nd7 10. h3 Bxf3 11. Bxf3 e5 12. d5 Nd4 13. Bg2 c5 14. dxc6 bxc6 15.
f4 Rb8 16. Qd2 f5 17. fxe5 dxe5 18. exf5 gxf5 19. b3 Nc5 20. Rad1 Qe8 21. Ne2
Ne4 22. Bxe4 fxe4 23. Rxf8+ Qxf8 24. Nxd4 Rd8 (24... exd4 25. Bxd4 Bxd4+ (25...
Rd8 26. Qg5 h6 (26... c5 27. Rf1) 27. Qg6 Rxd4 28. Rxd4 Qc5 29. Qe8+ Kh7 30.
Qxe4+ Kg8 31. Qe8+ Kh7 32. Qe4+) 26. Qxd4 Qf3 27. Rd2 (27. Qf2 Qxd1+) 27... e3
28. Rg2 Re8 (28... e2 29. Qf2) 29. Qf4 Qd1+ 30. Kh2 e2 31. Qg5+ Kh8 32. Qf6+
Kg8 $11) 25. Rf1 Qe8 26. Bh6 Rxd4 (26... exd4 27. Bxg7 e3 28. Qa5 Kxg7 (28...
e2 29. Rf8+ Qxf8 (29... Kxg7 30. Rxe8 Rxe8 31. Kf2 d3 32. Ke1) 30. Bxf8 Rxf8
31. Qg5+ Kh8 32. Qe5+) 29. Qg5+ Kh8 30. Qf6+ Kg8 31. Rf4 Qd7 32. Rg4+ Qxg4 33.
Qxd8+ Kf7 34. hxg4) 27. Qg5 Qg6 28. Qxg6 (28. Qxe5 $3 Qxh6 (28... Bxe5 29. Rf8#
) (28... Bxh6 29. Qb8+ Kg7 30. Qf8#) 29. Qe8+ Bf8 30. Qf7+ Kh8 31. Qxf8+ Qxf8
32. Rxf8+ Kg7 33. Ra8) 28... hxg6 29. Bxg7 (29. Be3 Rd3 30. Kf2 Kf7 31. Ke2+
Ke6) 29... Kxg7 30. Kf2 Kf6 (30... Rd2+) 31. Ke3+ (31. Ke2+ Ke6 32. g4 Rd3 33.
g5) 31... Ke6 32. Rf8 Rd3+ 33. Kxe4 Rxg3 34. Re8+ Kd6 35. Rd8+ (35. Rxe5 Kc7 (
35... Rxh3 36. Ra5)) 35... Kc5 36. Rg8 Rxh3 37. Rxg6 Rh2 38. a3 Re2+ 39. Kd3
Ra2 40. a4 Rh2 41. Re6 Rh3+ 42. Kc2 Re3 43. Re8 a5 44. Re6 Kb4 45. Rxc6 Rc3+
46. Kd2 Rxb3 47. Re6 Rb2+ 48. Kd3 Rb3+ 49. Kd2 Rb2+ 50. Kd3 1/2-1/2

[Event "54th Ilmar Raud Memorial"]
[Site "Viljandi"]
[Date "2020.07.06"]
[Round "1.15"]
[White "Chukavin, Kirill"]
[Black "Mierins, Emils Janis"]
[Result "1-0"]
[WhiteElo "2345"]
[BlackElo "1750"]
[PlyCount "53"]
[EventDate "2020.??.??"]

1. e4 c5 2. Nc3 e6 3. f4 Nc6 4. Nf3 g6 $2 {[%cal Re7e6,Rg7g6]} (4... a6) (4...
d5) (4... Nge7) 5. d4 $1 cxd4 6. Nxd4 a6 7. Be3 Bg7 8. Qd2 Nge7 9. O-O-O Qc7
10. e5 (10. Nxc6 $1 Nxc6 (10... dxc6 11. Na4 O-O 12. Bb6 Qb8 13. g4 e5 14. f5 {
[%csl Rc8]}) (10... bxc6 11. e5 Nd5 12. Ne4 O-O (12... Nxe3 13. Nd6+ Kf8 14.
Qxe3 c5 15. Bc4 Bb7 16. Rhf1 Bxg2 17. Rg1 Bc6 18. f5) 13. Bc5) (10... Qxc6 11.
Bd4 f6 12. g4 O-O 13. h4) 11. e5 f6 12. Ne4 fxe5 13. Nd6+ Kf8 14. fxe5 Nxe5 15.
Be2 Kg8 16. Rhf1 {[%cal Re3h6]}) 10... f6 11. Nxc6 Qxc6 12. exf6 Bxf6 13. Bd4
Bxd4 14. Qxd4 Rf8 (14... O-O 15. Ne4 (15. h4) (15. Bd3) 15... Nf5 16. Qe5 Ne3
17. Rd2 Ng4 18. Qd4 (18. Qg5 Qxe4 19. Qxg4 d5) 18... Rxf4) 15. Ne4 Nf5 16. Qd3
h5 17. g3 d5 18. Ng5 Bd7 19. Bg2 O-O-O 20. Rhe1 Rde8 21. Kb1 Rf6 (21... Kb8)
22. c4 Kb8 (22... dxc4 23. Qc3 (23. Qe2 Qc7 24. Rc1 b5 25. Ne4)) 23. cxd5 exd5
24. Bxd5 Qb6 25. Rxe8+ Bxe8 26. Qe4 Bc6 27. Qe5+ 1-0

[Event "54th Ilmar Raud Memorial"]
[Site "Viljandi"]
[Date "2020.07.06"]
[Round "1.16"]
[White "Ter-Avetisjana, Agnesa Stepania"]
[Black "Nyysti, Sampsa"]
[Result "0-1"]
[WhiteElo "1717"]
[BlackElo "2338"]
[PlyCount "64"]
[EventDate "2020.??.??"]

1. e4 e5 2. Nf3 Nc6 3. Bb5 a6 4. Ba4 d6 5. c3 f5 6. d3 Nf6 7. Bg5 h6 8. Bxf6
Qxf6 9. Nbd2 Be7 10. Qe2 O-O 11. Bb3+ Kh8 12. O-O f4 13. Bd5 g5 14. h3 g4 15.
hxg4 Bxg4 16. Kh2 Nd8 17. d4 c6 18. Bb3 Ne6 19. dxe5 dxe5 20. Bxe6 Qxe6 21. Rh1
Rg8 22. Kg1 Kh7 23. Kf1 b5 24. a4 Rad8 25. axb5 cxb5 26. Rd1 Qa2 27. c4 b4 28.
b3 Bc5 29. Qe1 Bxf3 30. gxf3 Rd3 31. Ke2 Rd6 32. Ra1 Qc2 0-1

[Event "54th Ilmar Raud Memorial"]
[Site "Viljandi"]
[Date "2020.07.06"]
[Round "1.17"]
[White "Sakalauskas, Vaidas"]
[Black "Staub, Madis"]
[Result "1-0"]
[WhiteElo "2335"]
[BlackElo "1715"]
[PlyCount "84"]
[EventDate "2020.??.??"]

1. d4 Nf6 2. c4 d5 3. cxd5 Nxd5 4. Nf3 Bf5 5. Qb3 Nb6 6. Nc3 e6 7. e4 Bg6 8.
Be3 Be7 9. Be2 O-O 10. O-O c6 11. Rfd1 Bh5 12. a4 Bxf3 13. Bxf3 a5 14. d5 Bb4
15. dxc6 Qc7 16. Nb5 Qe7 17. Bxb6 Nxc6 18. Rac1 Rac8 19. Qe3 Ne5 20. Be2 Rc6
21. Bd4 Rxc1 22. Rxc1 Nc6 23. Bc5 Bxc5 24. Qxc5 Qf6 25. Qc3 e5 26. Rd1 Rd8 27.
Rd5 g5 28. Qd2 Kg7 29. Bc4 Rxd5 30. exd5 Nd4 31. Nxd4 exd4 32. Qxa5 b6 33. Qd2
Qe5 34. b4 h6 35. a5 bxa5 36. bxa5 f6 37. a6 d3 38. Qxd3 Qa1+ 39. Qf1 Qd4 40.
g3 h5 41. Qd3 Qa1+ 42. Kg2 h4 1-0

[Event "54th Ilmar Raud Memorial"]
[Site "Viljandi"]
[Date "2020.07.06"]
[Round "1.18"]
[White "Tolmacevs, Artjoms"]
[Black "Narva, Mai"]
[Result "0-1"]
[WhiteElo "1644"]
[BlackElo "2333"]
[PlyCount "54"]
[EventDate "2020.??.??"]

1. e4 c5 2. Nf3 Nc6 3. d4 cxd4 4. Nxd4 Nf6 5. Nc3 d6 6. Be3 Ng4 7. Bb5 Nxe3 8.
fxe3 Bd7 9. O-O e6 10. Bxc6 bxc6 11. Qf3 Qe7 (11... Qf6 12. Qxf6 (12. Qg4) (12.
Qh5 g6) 12... gxf6 13. Rxf6 Bg7) 12. e5 d5 13. e4 (13. b4 $1 g6 14. b5 c5 15.
e4 Bg7 (15... cxd4 16. exd5 Rc8 17. Ne4 exd5 18. Nd6+ Kd8 19. Nxf7+ Kc7 20.
Nxh8) 16. exd5 O-O 17. Nc6 Bxc6 18. dxc6 Bxe5 19. Rae1 Qc7 (19... Bd4+ 20. Kh1
Rab8 21. a4 f5 22. Nd5 Qf7 23. Ne3 e5 24. Qd5 Rbd8 25. Qxf7+ Kxf7 26. a5 Ke6
27. c7 Rc8 28. b6 axb6 29. axb6 c4 30. Nxc4 Kd5 31. c3 Bxc3 (31... Bc5 32. Nxe5
Bxb6 33. Nd7 Bxc7 34. Nxf8 Rxf8 35. Re7) 32. Rc1 Kxc4 33. Rf3 Kb5 34. Rfxc3 Ka6
35. b7 {1-0 (37) Kapengut,A (2430)-Pasalic,M (2343) ICC INT 2009}) 20. Kh1 Rab8
21. a4 a6 22. Ne4 axb5 23. Nxc5 bxa4 24. Na6 Qa5 25. Nxb8 Bxb8 26. Rxe6 Qa7 27.
Re3 Bd6 28. Rd3 Qc7 29. c4 Qe7 30. c5 Bxc5 31. Rd7 Qe6 32. Rxf7 Rc8 (32... Rxf7
33. Qxf7+ Qxf7 34. Rxf7 Kxf7 35. c7) 33. Qc3 Bf8 34. Rxf8+ Rxf8 35. Rxf8+ Kxf8
36. c7 {1-0 (36) Kapengut,A-Kupreichik,V Soviet Union 1974} Qc8 37. Qh8+) 13...
g6 14. exd5 exd5 15. Ndb5 cxb5 16. Nxd5 Qc5+ 17. Kh1 O-O-O 18. Qxf7 Be8 19. Qf6
Qxd5 20. Qxh8 Bc6 21. Rg1 Bc5 22. Qxh7 Bxg1 23. Qh3+ (23. Rxg1 Qxg2+ 24. Rxg2
Rd1#) 23... Bd7 24. Qc3+ Bc5 25. b4 Bc6 26. Qh3+ Kb8 27. Re1 (27. bxc5 Qd1+)
27... Bf2 0-1

[Event "54th Ilmar Raud Memorial"]
[Site "Viljandi"]
[Date "2020.07.06"]
[Round "1.19"]
[White "Valner, Uku"]
[Black "Vingris, Mikelis"]
[Result "1-0"]
[WhiteElo "2302"]
[BlackElo "1641"]
[PlyCount "35"]
[EventDate "2020.??.??"]

1. e4 c5 2. Nc3 d6 3. g3 Nc6 4. Bg2 e6 5. d3 g6 6. Be3 Bg7 7. Qd2 Nge7 8. Bh6
O-O 9. Nge2 Nd4 10. Bxg7 Kxg7 11. Nd1 Nec6 12. O-O Qa5 13. Nec3 Rb8 14. Ne3 b5
15. f4 Qb4 16. a3 Qxb2 17. Rfb1 Qxc3 18. Qxc3 1-0

[Event "54th Ilmar Raud Memorial"]
[Site "Viljandi"]
[Date "2020.07.06"]
[Round "1.20"]
[White "Uibokant, Karl Oskar"]
[Black "Keso, Elias"]
[Result "0-1"]
[WhiteElo "1622"]
[BlackElo "2300"]
[PlyCount "62"]
[EventDate "2020.??.??"]

1. e4 c5 2. Nf3 Nc6 3. d4 cxd4 4. Nxd4 Qb6 5. Nb3 Nf6 6. Nc3 e6 7. Be3 Qc7 8.
Bd3 a6 9. O-O Be7 10. f4 d6 11. Qe2 O-O 12. Rf3 Re8 13. Rh3 b5 14. f5 exf5 15.
exf5 Bf8 16. Qf3 Bb7 17. Ne4 Rxe4 18. Bxe4 Ne5 19. Qe2 Bxe4 20. Bg5 Ned7 21.
Rc3 Qb7 22. Nd4 d5 23. Rf1 Qb6 24. Be3 Bc5 25. Nb3 Bxe3+ 26. Qxe3 Qxe3+ 27.
Rxe3 Bxc2 28. Nd4 Be4 29. Rc1 Ne5 30. Rc7 Ne8 31. Rc1 Nc4 0-1

[Event "54th Ilmar Raud Memorial"]
[Site "Viljandi"]
[Date "2020.07.06"]
[Round "1.21"]
[White "Vorobjov, Pavel"]
[Black "Sepandi, Jaak"]
[Result "1-0"]
[WhiteElo "2269"]
[BlackElo "1583"]
[PlyCount "49"]
[EventDate "2020.??.??"]

1. Nf3 e6 2. g3 Nf6 3. Bg2 c5 4. O-O Nc6 5. d3 d5 6. Nbd2 Be7 7. e4 O-O 8. Re1
dxe4 9. dxe4 e5 10. c3 Qc7 11. Qe2 Rb8 12. Nc4 Nd7 13. a4 b6 14. Ne3 Qd8 15.
Rd1 Qe8 16. Nd5 Bd8 17. Bg5 f6 18. Be3 Rf7 19. Nh4 Nf8 20. Nf5 Bxf5 21. exf5
Ne7 22. Be4 Kh8 23. Qb5 Qxb5 24. axb5 Nxd5 25. Bxd5 1-0

[Event "54th Ilmar Raud Memorial"]
[Site "Viljandi"]
[Date "2020.07.06"]
[Round "1.22"]
[White "Tobre, Andres"]
[Black "Haavamäe, Henrik"]
[Result "0-1"]
[WhiteElo "1546"]
[BlackElo "2210"]
[PlyCount "80"]
[EventDate "2020.??.??"]

1. e4 c5 2. Nf3 e6 3. d4 cxd4 4. Nxd4 Nf6 5. Nc3 Nc6 6. Be3 Bb4 7. Qd3 d5 8.
O-O-O Bxc3 9. Qxc3 Nxe4 10. Qa3 Qd6 11. Qxd6 Nxd6 12. Nxc6 bxc6 13. Bc5 Ne4 14.
Be3 O-O 15. f3 Nf6 16. Bg5 Nd7 17. Be7 Re8 18. Bd6 e5 19. c4 Re6 20. c5 a5 21.
g3 Nf8 22. h4 Re8 23. h5 f6 24. h6 g6 25. Bd3 Ne6 26. Rde1 Nd4 27. Re3 Ba6 28.
g4 Bxd3 29. Rxd3 Nb5 30. Rb3 Re6 31. a4 Nxd6 32. cxd6 Rxd6 33. Rb7 d4 34. Kd2
Rc8 35. Rb1 c5 36. Rc1 c4 37. b4 axb4 38. Rg7+ Kh8 39. Re7 c3+ 40. Kd3 b3 0-1

[Event "54th Ilmar Raud Memorial"]
[Site "Viljandi"]
[Date "2020.07.06"]
[Round "1.23"]
[White "Olde, Margareth"]
[Black "Ivanova, Lidia"]
[Result "1-0"]
[WhiteElo "2205"]
[BlackElo "1430"]
[PlyCount "63"]
[EventDate "2020.??.??"]

1. d4 d5 2. c4 c6 3. Nf3 Nf6 4. e3 a6 5. Nbd2 e6 6. Bd3 b5 7. b3 Be7 8. O-O
Nbd7 9. Qc2 Bb7 10. e4 dxe4 11. Nxe4 Rc8 12. Bb2 h6 13. Ne5 O-O 14. a4 b4 15.
Rad1 Qc7 16. Qe2 a5 17. Bb1 Rfd8 18. f4 c5 19. Nxd7 Nxe4 20. Bxe4 Rxd7 21. d5
exd5 22. cxd5 Bf8 23. Qg4 g6 24. f5 g5 25. f6 Re8 26. Qf5 Rxe4 27. Qxe4 Qb6 28.
Kh1 Qd8 29. Rf5 Bd6 30. h4 Bf4 31. hxg5 Bxg5 32. Re5 1-0

[Event "54th Ilmar Raud Memorial"]
[Site "Viljandi"]
[Date "2020.07.06"]
[Round "1.24"]
[White "Liebert, Robin"]
[Black "Kukk, Sander"]
[Result "0-1"]
[WhiteElo "1409"]
[BlackElo "2194"]
[PlyCount "88"]
[EventDate "2020.??.??"]

1. e4 g6 2. d4 Bg7 3. Nf3 d6 4. Nc3 Nf6 5. Be2 O-O 6. O-O c6 7. e5 dxe5 8. Nxe5
Be6 9. Na4 Nbd7 10. Nxd7 Nxd7 11. Bg4 Bxg4 12. Qxg4 b5 13. Nc3 Nb6 14. Rd1 Nd5
15. Nxd5 cxd5 16. Bf4 Rc8 17. c3 b4 18. Rac1 bxc3 19. Rxc3 Rxc3 20. bxc3 Qa5
21. Qd7 e6 22. Bd6 Rd8 23. Bc7 Rxd7 24. Bxa5 Rb7 25. Bb4 a5 26. Bxa5 Ra7 27.
Bb4 Rxa2 28. g3 Bh6 29. f4 g5 30. Bd6 Kg7 31. Rf1 Rc2 32. Rf3 Kg6 33. Be5 f6
34. Bd6 gxf4 35. g4 Bg5 36. h3 f5 37. Bc7 fxg4 38. hxg4 h5 39. gxh5+ Kxh5 40.
Rf2 Rc1+ 41. Kg2 Kg4 42. Ba5 Bh4 43. Rxf4+ Kxf4 44. c4 Rxc4 0-1

[Event "54th Ilmar Raud Memorial"]
[Site "Viljandi"]
[Date "2020.07.06"]
[Round "1.25"]
[White "Wartiovaara, Oliver"]
[Black "Tomson, Mikk"]
[Result "1-0"]
[WhiteElo "2190"]
[BlackElo "1390"]
[PlyCount "75"]
[EventDate "2020.??.??"]

1. e4 e5 2. Nf3 Nf6 3. Nxe5 d6 4. Nf3 Nxe4 5. Nc3 Nxc3 6. dxc3 d5 7. Be3 Bg4 8.
c4 c6 9. cxd5 Qxd5 10. Qxd5 cxd5 11. Ne5 Be6 12. Bb5+ Nd7 13. O-O-O O-O-O 14.
Bxd7+ Rxd7 15. Nxd7 Kxd7 16. Bxa7 Bd6 17. Be3 Rc8 18. Kd2 Be5 19. c3 b5 20. Ke2
f6 21. Bd4 Bd6 22. f3 Re8 23. Kf2 Rc8 24. a3 Ke7 25. Be3 g5 26. g4 h5 27. gxh5
Rh8 28. h4 Bf4 29. Bxf4 gxf4 30. Rd4 Rxh5 31. Rxf4 Rh6 32. a4 Bd7 33. a5 Kd6
34. Rd4 Rh8 35. h5 Rh6 36. Rdh4 Be8 37. Re1 Bf7 38. a6 1-0

[Event "54th Ilmar Raud Memorial"]
[Site "Viljandi"]
[Date "2020.07.06"]
[Round "1.26"]
[White "Raide, Sivert"]
[Black "Pedoson, Georg Aleksander"]
[Result "0-1"]
[WhiteElo "1262"]
[BlackElo "2189"]
[PlyCount "54"]
[EventDate "2020.??.??"]

1. d4 Nf6 2. Nf3 g6 3. c4 Bg7 4. Nc3 O-O 5. e4 d6 6. Be2 Nc6 7. O-O e5 8. d5
Ne7 9. Be3 Ng4 10. Bg5 h6 11. h3 Nf6 12. Be3 g5 13. Kh2 Ng6 14. g3 g4 15. Ng1
h5 16. Bg5 Qd7 17. Bxf6 Bxf6 18. hxg4 hxg4 19. f3 gxf3 20. Bxf3 Kg7 21. Qe2 Bg5
22. Nd1 f5 23. Ne3 Bxe3 24. Qxe3 f4 25. Qd2 Qe7 26. Nh3 fxg3+ 27. Kg2 Bxh3+ 0-1

[Event "54th Ilmar Raud Memorial"]
[Site "Viljandi"]
[Date "2020.07.06"]
[Round "1.27"]
[White "Jazdanovs, Aleksandrs"]
[Black "Põvvat, Aalo"]
[Result "1-0"]
[WhiteElo "2183"]
[BlackElo "1198"]
[PlyCount "51"]
[EventDate "2020.??.??"]

1. e4 e5 2. Nf3 Nc6 3. Bb5 a6 4. Ba4 Nf6 5. O-O Be7 6. Re1 O-O 7. Bxc6 bxc6 8.
Nxe5 Bb7 9. d4 d5 10. exd5 cxd5 11. Nc3 Bd6 12. Bg5 h6 13. Bxf6 gxf6 14. Qg4+
Kh7 15. Qf5+ Kg7 16. Qg4+ Kh7 17. Nd7 Rg8 18. Qf5+ Rg6 19. Re8 Qxe8 20. Nxf6+
Kg7 21. Nxe8+ Rxe8 22. Nxd5 Bc8 23. Qd3 Bb7 24. Ne3 Rxe3 25. fxe3 Bxg2 26.
Qxg6+ 1-0

[Event "54th Ilmar Raud Memorial"]
[Site "Viljandi"]
[Date "2020.07.07"]
[Round "2.7"]
[White "Seeman, Tarvo"]
[Black "Wartiovaara, Oliver"]
[Result "1/2-1/2"]
[WhiteElo "2415"]
[BlackElo "2190"]
[PlyCount "41"]
[EventDate "2020.??.??"]

1. c4 g6 2. g3 Bg7 3. Bg2 c5 4. Nc3 Nc6 5. Nf3 e6 6. d4 cxd4 7. Nb5 d5 8. cxd5
exd5 9. O-O Nf6 10. Bf4 O-O 11. Nc7 Rb8 12. Nb5 Ra8 13. Bc7 Qd7 14. Bd6 Ne7 15.
Nfxd4 Ne4 16. Bxe4 dxe4 17. Rc1 Qd8 18. Bc7 Qd7 19. Bd6 Qd8 20. Bc7 Qd7 21. Bd6
1/2-1/2